000
00254nam a2200097Ia 4500
001
652668
005
20250826154443.0
008
250824s9999 xx 000 0 und d
245
0
_a
KARLI DAĞLARDA TATİL
_c
J.MARİO SİMMEL
260
_b
ALTIN KİTAP YAYINLARI
999
_c
652668
_d
652668